အမျိုးသားညီလာခံကျင်းပရေး ညှိနှိုင်းဆွေးနွေးပွဲ = Co-Ordination Meeting For Convening of National Convention / (Record no. 27099)

000 -LEADER
fixed length control field 01034nam a22001817a 4500
005 - DATE AND TIME OF LATEST TRANSACTION
control field 20241001143307.0
008 - FIXED-LENGTH DATA ELEMENTS--GENERAL INFORMATION
fixed length control field 230712b ||||| |||| 00| 0 eng d
040 ## - CATALOGING SOURCE
Transcribing agency SSBUL
Modifying agency SSBUL
082 ## - DEWEY DECIMAL CLASSIFICATION NUMBER
Edition number 23
Classification number ၀၆၀.၉၅၉၁ အ
Item number ၁၆၀၈၉ (S-SAT)
245 ## - TITLE STATEMENT
Title အမျိုးသားညီလာခံကျင်းပရေး ညှိနှိုင်းဆွေးနွေးပွဲ = Co-Ordination Meeting For Convening of National Convention /
260 ## - PUBLICATION, DISTRIBUTION, ETC.
Place of publication, distribution, etc. ရန်ကုန်၊
Name of publisher, distributor, etc. ကြေးမုံသတင်းစာ၊
Date of publication, distribution, etc. ၁၉၉၂။
300 ## - PHYSICAL DESCRIPTION
Extent ၂၁၇ စာမျက်နှာ၊
Dimensions ၂၃ စင်တီ။
500 ## - GENERAL NOTE
General note မြန်မာ-အင်္ဂလိပ် နှစ်ဘာသာပါဝင်သည်။
General note S-SAT: Dr Sai Aung Tun Collection
650 ## - SUBJECT ADDED ENTRY--TOPICAL TERM
Topical term or geographic name entry element ညီလာခံ
Geographic subdivision မြန်မာနိုင်ငံ။
9 (RLIN) 27845
Topical term or geographic name entry element အမျိုးသားညီလာခံ
Geographic subdivision မြန်မာနိုင်ငံ။
9 (RLIN) 27837
942 ## - ADDED ENTRY ELEMENTS (KOHA)
Source of classification or shelving scheme
Koha item type Book (Short term)
Holdings
Withdrawn status Lost status Source of classification or shelving scheme Damaged status Not for loan Collection code Permanent Location Current Location Shelving location Date acquired Total Checkouts Full call number Barcode Date last seen Price effective from Koha item type Accession
          Special Collections Shan State Buddhist University Library Shan State Buddhist University Library Special Collection Shelves 12/07/2023   ၀၆၀.၉၅၉၁ အ ၁၆၀၈၉ (S-SAT) MB00016089 12/07/2023 12/07/2023 Book (Short term) ၁၆၀၈၉ (S-SAT)

Library - 09407999929
Admin Office - 09407999979
Dean Office - 09250910768
Registrar Office - 09892297154
Email - [email protected]
Shan State Buddhist University, Phaya Phyu Taunggyi, Shan State, Myanmar.